. - Girl In Red Lyrics - Statistics

General Stats
  • This quiz has been taken 33 times
  • The average score is 90 of 135
Answer Stats
% Correct
I
95%
It
91%
it
91%
it,
91%
me
91%
And,
86%
When
82%
my
82%
on
82%
so
82%
To
77%
you
77%
But
73%
her
73%
I'm
73%
Like
73%
like
73%
not
73%
only
73%
with
73%
been
68%
can't
68%
gets
68%
how
68%
It's
68%
it's
68%
oh
68%
Oh,
68%
see
68%
this
68%
well
68%
what
68%
worse
68%
doing
64%
of
64%
all
59%
around
59%
broke
59%
down
59%
feel
59%
feel,
59%
hard
59%
heart
59%
Honey,
59%
hurts
59%
I'll
59%
just
59%
Lost
59%
say
59%
your
59%
never
55%
out
55%
tell
55%
words
55%
being
50%
'Cause
50%
Ever
50%
help
50%
Honest
50%
since
50%
Someone
50%
about
45%
fault
45%
more
45%
real
45%
could've
41%
done
41%
Earth
41%
floating
41%
upfront
41%
want
41%
Though
36%
No matching quizzes found
Score Distribution
Percent of People with Each Score
Percentile by Number Answered
Your Score History
You have not taken this quiz